Guadalupe de Extremadura en América / (Record n. 19464)

Dettagli MARC
000 -LEADER
fixed length control field 00831nam a2200229 i 4500
003 - CONTROL NUMBER IDENTIFIER
control field IT-RoINE
005 - DATE AND TIME OF LATEST TRANSACTION
control field 20170914054430.0
008 - FIXED-LENGTH DATA ELEMENTS--GENERAL INFORMATION
fixed length control field 040326s1990 sp ab |r 000|||spa|d
020 ## - INTERNATIONAL STANDARD BOOK NUMBER
International Standard Book Number 8440484461
040 ## - CATALOGING SOURCE
Original cataloging agency ES-MaCSI.
Transcribing agency IT-RoINE
Modifying agency IT-RoINE
100 1# - MAIN ENTRY--PERSONAL NAME
Personal name García, Sebastián García Rodríguez,
Titles and other words associated with a name O.F.M.,
Dates associated with a name n. 1927‏
9 (RLIN) 38644
245 10 - TITLE STATEMENT
Title Guadalupe de Extremadura en América /
Statement of responsibility, etc Sebastián García.
260 ## - PUBLICATION, DISTRIBUTION, ETC. (IMPRINT)
Place of publication, distribution, etc Guadalupe :
Name of publisher, distributor, etc Comunidad Franciscana,
Date of publication, distribution, etc 1990.
300 ## - PHYSICAL DESCRIPTION
Extent 237 p. :
Other physical details il. col., mapas ;
Dimensions 24 cm.
336 ## - CONTENT TYPE
Source rdacontent
Content type term text
337 ## - MEDIA TYPE
Source rdamedia
Media type term unmediated
338 ## - CARRIER TYPE
Source rdacarrier
Carrier type term volume
500 ## - GENERAL NOTE
General note Premiado en el concurso Virgen de Guadalupe 90.
504 ## - BIBLIOGRAPHY, ETC. NOTE
Bibliography, etc Incluye referencias bibliográficas en notas.
650 #4 - SUBJECT ADDED ENTRY--TOPICAL TERM
Topical term or geographic name as entry element Virgen de Guadalupe
General subdivision Culto
Geographic subdivision América
General subdivision Historia
9 (RLIN) 38645
942 ## - ADDED ENTRY ELEMENTS (KOHA)
Item type Monografías
Dati di copia
Withdrawn status Lost status Damaged status Not for loan Home library Current library Date acquired Total Checkouts Full call number Barcode Date last seen Price effective from Koha item type
        Iglesia Nacional Española en Roma Iglesia Nacional Española en Roma 14/09/2017   AME 175 43595 14/09/2017 14/09/2017 Monografías